000 00602nam a2200181Ia 4500
008 090124s9999 xx 000 0 und d
082 _b20496
_a2054
100 _aदेशमुख गुरुनाथ अनंत
245 _a चेतना-चिंतामणी
250 _a1
260 _c1974
300 _a109
600 _aदेशमुख गुरुनाथ अनंत
630 _a चेतना-चिंतामणी
700 _aदेशमुख गुरुनाथ अनंत
730 _a चेतना-चिंतामणी
942 _cBOOK
999 _c134301
_d134301